Statistiche per Quiz sulla Repubblica Ceca

Clicka qui per fare il quiz!

Statistiche generali

  • Questo quiz è stato fatto 1.109 volte
  • Il punteggio medio è 12 su 21

Statistiche sulle risposte

DomandaRisposta% Corretto
CapitalePraga
99%
Stati confinantiGermania
93%
Stati confinantiPolonia
92%
Stati confinantiSlovacchia
92%
Stati confinantiAustria
87%
Stato di cui ha fatto parte fino al 1993Cecoslovacchia
78%
Versione breve del nome del PaeseCechia
73%
Invase il Paese nel 1968Unione Sovietica
62%
Regione più grande (indizio: canzone dei Queen)Boemia
58%
Autore de "La Metamorfosi"Franz Kafka
57%
Gruppo etnico che include cechi,
Polacchi e serbi
Slavo
53%
ValutaKoruna česká
49%
Impero di cui ha fatto parte dal 1002 al 1806Sacro Romano Impero
45%
La più grande casa automobilisticaŠkoda Auto
42%
Successe il 23 maggio 1618,
fu l'evento scatenante della guerra dei trent'anni.
Defenestrazione di Praga
39%
Sport più popolare (oltre al calcio)Hockey su ghiaccio
36%
Ponte della capitale famosoPonte Carlo
36%
Fiume che nasce dai Monti dei Giganti
e sfocia nel Mare del Nord in Germania
Elba
27%
Città famosa per la sua
birra (inizia con P)
Plzeň
25%
Figura antropomorfa immaginaria
della mitologia ebraica e del folclore medievale
Golem
20%
Scrittore che ha servito come presidente
dal 1993 al 2003
Václav Havel
14%

Distribuzione punteggi

Percentile per numero di risposta

Percentuale di utenti per punteggio

I tuoi punteggi nel tempo

Non hai fatto questo quiz